书目信息 |
| 题名: |
综合素质
|
|
| 作者: | ;教师资格考试统编教材题库编委会 主编 | |
| 分册: | 小学 | |
| 出版信息: | 北京 高等教育出版社 2019.07 |
|
| 页数: | 340页 | |
| 开本: | 26cm | |
| 丛书名: | ||
| 单 册: | ||
| 中图分类: | G451.6 , G625.1 | |
| 科图分类: | ||
| 主题词: | 教师素质--资格考试--自学参考资料 , 小学教师--教师素质--资格考试--自学参考资料 | |
| 电子资源: | ||
| ISBN: | 978-7-04-052042-2 | |
| 000 | 01055nam0 2200277 450 | |
| 001 | 0103152645 | |
| 005 | 20201104094134.23 | |
| 010 | @a978-7-04-052042-2@dCNY60.00 | |
| 100 | @a20190822e20202019em y0chiy50 ea | |
| 101 | 0 | @achi |
| 102 | @aCN@b110000 | |
| 105 | @aa z 000yy | |
| 106 | @ar | |
| 200 | 1 | @a综合素质@Azong he su zhi@i小学@f教师资格考试统编教材题库编委会主编 |
| 205 | @a2版 | |
| 210 | @a北京@c高等教育出版社@d2019.07@h2020.05 | |
| 215 | @a340页@c图@d26cm | |
| 300 | @a国家教师资格考试指定用书 | |
| 330 | @a本书共设职业理念、教育法律法规、教师职业道德规范、文化素养、基本能力五个模块,包含教育观、学生观、教师观、我国的教育法律法规、教师权利和义务、小学生的权利保护、教师职业道德等章节。 | |
| 606 | 0 | @a教师素质@x资格考试@j自学参考资料 |
| 606 | 0 | @a小学教师@x教师素质@x资格考试@j自学参考资料 |
| 690 | @aG451.6@v5 | |
| 690 | @aG625.1@v5 | |
| 711 | 02 | @a教师资格考试统编教材题库编委会@Ajiao shi zi ge kao shi tong bian jiao cai ti ku bian wei hui@4主编 |
| 801 | 0 | @aCN@bBJSZM@c20201103 |
| 905 | @b1255646-50@dG451.6@e379=2@f5 | |
| 综合素质.小学/教师资格考试统编教材题库编委会主编.-2版.-北京:高等教育出版社,2019.07(2020.05) |
| 340页:图;26cm |
| 国家教师资格考试指定用书 |
| ISBN 978-7-04-052042-2:CNY60.00 |
| 本书共设职业理念、教育法律法规、教师职业道德规范、文化素养、基本能力五个模块,包含教育观、学生观、教师观、我国的教育法律法规、教师权利和义务、小学生的权利保护、教师职业道德等章节。 |
| ● |
| 相关链接 |
|
|
|
|
正题名:综合素质
索取号:G451.6/379=2
 
预约/预借
| 序号 | 登录号 | 条形码 | 馆藏地/架位号 | 状态 | 备注 |
| 1 | 1255646 | 212556465 | 第一样本阅览室/ [索取号:G451.6/379=2] | 在馆 | |
| 2 | 1255647 | 212556474 | 教育系资料室/ [索取号:G451.6/379=2] | 在馆 | |
| 3 | 1255648 | 212556483 | 教育系资料室/ [索取号:G451.6/379=2] | 在馆 | |
| 4 | 1255649 | 212556492 | 第四借阅区/ [索取号:G451.6/379=2] | 在馆 | |
| 5 | 1255650 | 212556508 | 第四借阅区/ [索取号:G451.6/379=2] | 在馆 |